Police de titre de film - Statistiques

Statistiques générales
  • Ce quiz a été pris 98 fois
    66 depuis la dernière actualisation
  • Le résultat moyen est 7 sur 16
Statistiques - réponses
Par images Réponse % Correct
The Avengers
100%
Harry Potter
98%
Retour vers le futur
88%
La reine des neiges
80%
Ghostbusters
78%
Deadpool
58%
Indiana Jones
50%
Buffy contre les vampires
46%
Pirates des Caraïbes
36%
Apocalypse now
24%
Barbie
24%
Evil dead
24%
La famille Addams
12%
Frankenstein
8%
Vendredi 13
2%
Dogma
0%
Aucun quiz correspondant
Distribution des résultats
% des personnes avec chaque résultat
Percentile par nombre de réponses
Votre historique - résultats
Vous n’avez pas pris ce quiz depuis la dernière actualisation